[Event "Southend Easter op 64th"]
[Site "Southend-on-Sea"]
[Date "2022.04.15"]
[Round "2.15"]
[White "Zapolskis, Antanas"]
[Black "Barker, Edward (Eddy)"]
[Result "1-0"]
[WhiteElo "2265"]
[BlackElo "1885"]
[PlyCount "55"]
[EventDate "2022.04.15"]
[EventType "swiss"]
[EventRounds "7"]
[EventCountry "ENG"]

1. e4 d6 2. d4 Nf6 3. Nc3 Nbd7 4. g4 h6 5. f4 e5 6. dxe5 dxe5 7. g5 hxg5 8.
fxg5 Ng8 9. Bc4 c6 10. Qf3 Qe7 11. Be3 Nb6 12. Bb3 Be6 13. O-O-O Bxb3 14. axb3
Rd8 15. Rxd8+ Kxd8 16. h4 Kc7 17. Qg3 Qe6 18. Nf3 f6 19. Nd4 Qf7 20. Rd1 Nd7
21. Ndb5+ Kd8 22. g6 Qe6 23. Nxa7 Bd6 24. Na4 Ne7 25. Bc5 Bc7 26. Bb6 Nc8 27.
Nc5 Ncxb6 28. Nxe6+ 1-0

[Event "Southend Easter op 64th"]
[Site "Southend-on-Sea"]
[Date "2022.04.15"]
[Round "2.16"]
[White "Hill, Alistair"]
[Black "Foster, Timothy"]
[Result "1-0"]
[WhiteElo "2223"]
[BlackElo "1872"]
[PlyCount "49"]
[EventDate "2022.04.15"]
[EventType "swiss"]
[EventRounds "7"]
[EventCountry "ENG"]

1. d4 Nf6 2. c4 g6 3. Nf3 Bg7 4. e3 O-O 5. Be2 d6 6. O-O Nbd7 7. Nc3 e5 8. b4
c6 9. Bb2 e4 10. Nd2 Re8 11. a4 Nf8 12. a5 h5 13. b5 cxb5 14. Nxb5 Ng4 15. Ba3
Qh4 16. Bxd6 Be5 17. h3 a6 18. dxe5 axb5 19. hxg4 hxg4 20. Nxe4 Kg7 21. Nf6 Bf5
22. g3 Qh3 23. Bxg4 Bxg4 24. Qxg4 Qh6 25. Kg2 1-0

[Event "Southend Easter op 64th"]
[Site "Southend-on-Sea"]
[Date "2022.04.15"]
[Round "2.17"]
[White "Varnam, Liam D"]
[Black "Wilson, Edgar"]
[Result "1-0"]
[WhiteElo "2087"]
[BlackElo "1856"]
[PlyCount "71"]
[EventDate "2022.04.15"]
[EventType "swiss"]
[EventRounds "7"]
[EventCountry "ENG"]

1. e4 e6 2. d4 d5 3. Nc3 Bb4 4. e5 c5 5. a3 Bxc3+ 6. bxc3 Ne7 7. Nf3 Qc7 8. Be2
b6 9. O-O Ba6 10. Bxa6 Nxa6 11. Qe2 Nb8 12. a4 Nbc6 13. Ba3 cxd4 14. Bd6 Qd7
15. cxd4 O-O 16. Qd3 h6 17. Nh4 f5 18. c4 Rfe8 19. c5 Na5 20. f4 Nc4 21. h3 Nc6
22. g4 Nxd6 23. cxd6 Rf8 24. gxf5 exf5 25. Qb5 Kh7 26. Qxd5 Nb4 27. Qb3 a5 28.
Rac1 b5 29. axb5 Qxb5 30. Qg3 Rac8 31. Qg6+ Kh8 32. Nxf5 Qb7 33. e6 Rxc1 34.
Rxc1 Rf6 35. Rc8+ Qxc8 36. Qxg7# 1-0

[Event "Southend Easter op 64th"]
[Site "Southend-on-Sea"]
[Date "2022.04.15"]
[Round "2.18"]
[White "Ethelontis, Alexandros N"]
[Black "Sedykh, Stakhey"]
[Result "1-0"]
[WhiteElo "2077"]
[BlackElo "1604"]
[PlyCount "89"]
[EventDate "2022.04.15"]
[EventType "swiss"]
[EventRounds "7"]
[EventCountry "ENG"]

1. Nf3 Nf6 2. c4 c6 3. e3 d5 4. Nc3 Bg4 5. Qb3 Qb6 6. Ne5 e6 7. Nxg4 Nxg4 8. d4
Nd7 9. Be2 Ngf6 10. Bd2 Be7 11. Qxb6 Nxb6 12. b3 O-O 13. c5 Nbd7 14. b4 e5 15.
O-O b5 16. a4 a6 17. Ra2 exd4 18. exd4 Ne4 19. Nxe4 dxe4 20. axb5 axb5 21. Rfa1
Rxa2 22. Rxa2 Nf6 23. Ra6 Rc8 24. f3 exf3 25. Bxf3 Nd5 26. Bxd5 cxd5 27. Rb6 h6
28. Rxb5 Bf6 29. Be3 Ra8 30. Ra5 Rb8 31. b5 Bd8 32. b6 g5 33. g4 f6 34. Ra7
Bxb6 35. cxb6 Rxb6 36. Rd7 Rb5 37. Kf2 Rb2+ 38. Kg3 Rb3 39. Kf3 Rb5 40. Bf2
Rb3+ 41. Kg2 Rb5 42. Bg3 Rb2+ 43. Kf3 Rb3+ 44. Ke2 Rb4 45. Rxd5 1-0

[Event "Southend Easter op 64th"]
[Site "Southend-on-Sea"]
[Date "2022.04.15"]
[Round "2.19"]
[White "Stewart, Ashley"]
[Black "Vaidya, Raghav"]
[Result "1-0"]
[WhiteElo "2069"]
[BlackElo "1561"]
[PlyCount "119"]
[EventDate "2022.04.15"]
[EventType "swiss"]
[EventRounds "7"]
[EventCountry "ENG"]

1. d4 Nf6 2. c4 e6 3. g3 d5 4. Bg2 Nc6 5. Nf3 Be7 6. O-O O-O 7. Nbd2 b6 8. a3
a5 9. b3 Bb7 10. Bb2 Re8 11. Qc2 Bf8 12. Rfd1 Qe7 13. e4 dxe4 14. Nxe4 Nb4 15.
Nxf6+ Qxf6 16. Qe2 Na6 17. Ne5 Bxg2 18. Kxg2 Bd6 19. Nf3 Qe7 20. Rd3 c5 21. Qe4
f5 22. Qc6 Qc7 23. Qxc7 Bxc7 24. Re1 cxd4 25. Rxd4 Nc5 26. b4 e5 27. Rdd1 e4
28. bxc5 exf3+ 29. Kxf3 bxc5 30. Rxe8+ Rxe8 31. Rd5 Rb8 32. Rxc5 Bd6 33. Rb5
Rxb5 34. cxb5 Kf7 35. a4 Bc5 36. Bc3 Bb6 37. Bd2 Ke6 38. Ke2 Kd5 39. Be3 Bxe3
40. Kxe3 g5 41. h3 h5 42. f4 g4 43. h4 Kc5 44. Kd3 Kd5 45. b6 Kc6 46. Kd4 Kxb6
47. Kd5 Kc7 48. Ke5 Kd7 49. Kxf5 Ke7 50. Kg5 Kf7 51. f5 Ke7 52. f6+ Kf7 53. Kf5
Kf8 54. Kg6 Kg8 55. Kxh5 Kf7 56. Kg5 Kf8 57. Kxg4 Kf7 58. Kf5 Kf8 59. Ke6 Ke8
60. g4 1-0

[Event "Southend Easter op 64th"]
[Site "Southend-on-Sea"]
[Date "2022.04.15"]
[Round "2.20"]
[White "Oh, Julie"]
[Black "Dougherty, Michael"]
[Result "0-1"]
[WhiteElo "1399"]
[BlackElo "2066"]
[PlyCount "70"]
[EventDate "2022.04.15"]
[EventType "swiss"]
[EventRounds "7"]
[EventCountry "ENG"]

1. e4 e6 2. Nc3 d5 3. f4 dxe4 4. Nxe4 b6 5. Nf3 Bb7 6. d3 Nf6 7. Ng3 Qd5 8. Be2
Nc6 9. c3 h5 10. Qc2 O-O-O 11. b4 h4 12. Ne4 h3 13. g3 Bxb4 14. cxb4 Nxb4 15.
Qb1 Nxd3+ 16. Bxd3 Qxd3 17. Qxd3 Rxd3 18. Nxf6 gxf6 19. O-O Bxf3 20. Bb2 Rh6
21. Rac1 c5 22. Rc3 Rxc3 23. Bxc3 Bd5 24. a3 f5 25. Be5 Rg6 26. Rc1 Kb7 27. Kf2
Rg8 28. Ke3 Rd8 29. Rd1 b5 30. Bc3 Kb6 31. Rb1 Be4 32. Rb3 Rd3+ 33. Ke2 c4 34.
Rb1 Rxc3 35. Rd1 Bf3+ 0-1

[Event "Southend Easter op 64th"]
[Site "Southend-on-Sea"]
[Date "2022.04.15"]
[Round "2.21"]
[White "Pert, Max"]
[Black "Bird, Joel"]
[Result "1-0"]
[WhiteElo "1556"]
[BlackElo "2009"]
[PlyCount "75"]
[EventDate "2022.04.15"]
[EventType "swiss"]
[EventRounds "7"]
[EventCountry "ENG"]

1. d4 d5 2. Nf3 Nf6 3. c4 c6 4. Nc3 dxc4 5. e4 b5 6. Be2 b4 7. e5 bxc3 8. exf6
exf6 9. bxc3 Be6 10. O-O Qa5 11. Qc2 Nd7 12. Re1 Nb6 13. Bf4 Ba3 14. Nd2 O-O
15. Bf3 Bd5 16. Re3 Na4 17. Qf5 Nxc3 18. Nxc4 Qb4 19. Nxa3 Bxf3 20. gxf3 Qxd4
21. Nc2 Qd2 22. Bd6 Nd1 23. Re1 Qxd6 24. Raxd1 Qb8 25. Nd4 Qb2 26. Nxc6 Qxa2
27. Re4 h6 28. Rg4 Qe6 29. Nd4 Qxf5 30. Nxf5 g6 31. Nxh6+ Kh7 32. Rh4 Kg7 33.
Ng4 g5 34. Rh3 f5 35. Ne3 f4 36. Nf5+ Kf6 37. Rh6+ Kxf5 38. Rd5# 1-0

[Event "Southend Easter op 64th"]
[Site "Southend-on-Sea"]
[Date "2022.04.15"]
[Round "2.22"]
[White "Davis-Loades, Alex"]
[Black "Moore, John C"]
[Result "1/2-1/2"]
[WhiteElo "1837"]
[BlackElo "1980"]
[PlyCount "126"]
[EventDate "2022.04.15"]
[EventType "swiss"]
[EventRounds "7"]
[EventCountry "ENG"]

1. d4 d5 2. c4 c6 3. cxd5 cxd5 4. Nc3 Nc6 5. Nf3 Nf6 6. Bf4 e6 7. a3 Be7 8. h3
O-O 9. e3 Bd7 10. Bd3 Rc8 11. O-O a6 12. Ne5 Be8 13. Nxc6 Bxc6 14. Rc1 Bd6 15.
Bxd6 Qxd6 16. Na4 Bxa4 17. Qxa4 Rfd8 18. Rc2 Rxc2 19. Qxc2 h6 20. Rc1 Kf8 21.
Qc7 Qxc7 22. Rxc7 Rd7 23. Rxd7 Nxd7 24. Kf1 Ke7 25. Ke1 Kd6 26. Kd2 f6 27. e4
e5 28. Kc3 exd4+ 29. Kxd4 Nc5 30. Bc2 Nxe4 31. Bxe4 dxe4 32. Kxe4 Ke6 33. g4 g6
34. f4 f5+ 35. gxf5+ gxf5+ 36. Kd4 Kd6 37. b3 b6 38. a4 Ke6 39. h4 h5 40. a5
bxa5 41. Kc5 a4 42. bxa4 a5 43. Kc6 Ke7 44. Kb5 Kd6 45. Kxa5 Kd5 46. Kb5 Ke4
47. a5 Kxf4 48. a6 Kg3 49. a7 f4 50. a8=Q f3 51. Qb8+ Kg2 52. Qb7 Kg3 53. Qc7+
Kg2 54. Qc6 Kg3 55. Qd6+ Kh3 56. Qf4 Kg2 57. Kc5 f2 58. Kd5 f1=Q 59. Qxf1+ Kxf1
60. Ke4 Ke2 61. Kf4 Kd3 62. Kg5 Ke4 63. Kxh5 Kf5 1/2-1/2

[Event "Southend Easter op 64th"]
[Site "Southend-on-Sea"]
[Date "2022.04.15"]
[Round "2.23"]
[White "Freeman, Ashley"]
[Black "Potter, John M"]
[Result "0-1"]
[WhiteElo "1988"]
[BlackElo "2055"]
[PlyCount "68"]
[EventDate "2022.04.15"]
[EventType "swiss"]
[EventRounds "7"]
[EventCountry "ENG"]

1. e4 e6 2. d4 d5 3. Nc3 Bb4 4. e5 Qd7 5. a3 Bxc3+ 6. bxc3 b6 7. Qg4 f5 8. Qg3
Ba6 9. Bxa6 Nxa6 10. Ne2 O-O-O 11. a4 Nb8 12. a5 Nc6 13. axb6 cxb6 14. c4 dxc4
15. c3 Nge7 16. Ba3 Nd5 17. Bd6 g5 18. h4 h6 19. Kd2 g4 20. Rhb1 Nf6 21. f3
gxf3 22. gxf3 Rhg8 23. Qf4 Nd5 24. Qh2 Qh7 25. f4 Rg4 26. Ra4 Rdg8 27. Rxc4 Qd7
28. Qh1 Rg2 29. Rg1 Rxg1 30. Nxg1 Kd8 31. Ne2 Na5 32. Rb4 Nxb4 33. Bxb4 Qc6 34.
Qb1 Nc4+ 0-1

[Event "Southend Easter op 64th"]
[Site "Southend-on-Sea"]
[Date "2022.04.15"]
[Round "2.24"]
[White "Hobson, Kenneth"]
[Black "Brown, Geoffrey M"]
[Result "1-0"]
[WhiteElo "1674"]
[BlackElo "1906"]
[PlyCount "67"]
[EventDate "2022.04.15"]
[EventType "swiss"]
[EventRounds "7"]
[EventCountry "ENG"]

1. e4 e6 2. d4 d5 3. Nc3 Bb4 4. e5 c5 5. a3 Bxc3+ 6. bxc3 Qa5 7. Bd2 Qa4 8. Qg4
Kf8 9. Nf3 Nc6 10. Be2 Nge7 11. O-O b6 12. Be3 c4 13. Nh4 Ng6 14. f4 Nxh4 15.
Qxh4 Qxc2 16. Bg4 Qxc3 17. Rae1 Bd7 18. f5 Nxd4 19. f6 g6 20. Qh6+ Ke8 21. Qg7
Rf8 22. Bh6 Qxa3 23. Rd1 Nf5 24. Bxf5 gxf5 25. Rf3 Qc5+ 26. Kh1 b5 27. Rh3 b4
28. Qxf8+ Qxf8 29. Bxf8 Ba4 30. Rd4 a5 31. Rxh7 c3 32. Bh6 Ra7 33. Rxd5 exd5
34. e6 1-0

[Event "Southend Easter op 64th"]
[Site "Southend-on-Sea"]
[Date "2022.04.15"]
[Round "2.25"]
[White "Staniland, Philip"]
[Black "Badacsonyi, Frankie"]
[Result "0-1"]
[WhiteElo "1902"]
[BlackElo "1710"]
[PlyCount "116"]
[EventDate "2022.04.15"]
[EventType "swiss"]
[EventRounds "7"]
[EventCountry "ENG"]

1. d4 e6 2. Bf4 Nf6 3. e3 d5 4. Nf3 Bd6 5. Bg3 c5 6. c3 Qc7 7. Nbd2 Nbd7 8. Bd3
O-O 9. O-O Bxg3 10. hxg3 e5 11. dxe5 Nxe5 12. Nxe5 Qxe5 13. Nf3 Qe7 14. Qc2 Bg4
15. Rae1 Rad8 16. Qc1 Rfe8 17. Bb1 g6 18. a4 Kg7 19. Bd3 h5 20. Be2 Rh8 21. Nh2
Qe5 22. f4 Qe6 23. Bf3 Bxf3 24. gxf3 Qh3 25. Re2 Qxg3+ 26. Rg2 Qh3 27. f5 Qxf5
28. e4 Qe6 29. f4 dxe4 30. f5 Qd5 31. fxg6 fxg6 32. Qf4 Qe6 33. Qf5 Qxf5 34.
Rxf5 Rd5 35. Rf1 Rhd8 36. Rgf2 R8d6 37. Re1 Rd1 38. Kf1 Rxe1+ 39. Kxe1 g5 40.
Nf1 Kg6 41. Ne3 Rd3 42. Nc4 Rd5 43. Ne3 Rd8 44. Nc4 Ng4 45. Re2 e3 46. Rg2 Kf5
47. Rg3 Kf4 48. Rh3 h4 49. Ke2 Kf5 50. Rf3+ Kg6 51. a5 b5 52. axb6 axb6 53.
Nxb6 Rd2+ 54. Ke1 Rxb2 55. Nd5 Rb7 56. Rf8 h3 57. Rg8+ Kf5 58. Rf8+ Ke4 0-1

[Event "Southend Easter op 64th"]
[Site "Southend-on-Sea"]
[Date "2022.04.15"]
[Round "2.26"]
[White "Thatte, Nishchal"]
[Black "Valentine, Tim"]
[Result "1-0"]
[WhiteElo "1892"]
[BlackElo "1591"]
[PlyCount "61"]
[EventDate "2022.04.15"]
[EventType "swiss"]
[EventRounds "7"]
[EventCountry "ENG"]

1. d4 Nf6 2. c4 Nc6 3. Nf3 e6 4. g3 d5 5. Bg2 dxc4 6. O-O Rb8 7. e3 Be7 8. Nfd2
Na5 9. Qa4+ c6 10. Nxc4 Nxc4 11. Qxc4 O-O 12. Nc3 Qd6 13. Rd1 e5 14. Qa4 Ra8
15. Qc2 Be6 16. b3 Qc7 17. Bb2 exd4 18. Nb5 Qb6 19. Nxd4 Bd7 20. Nf3 Bg4 21.
Rd4 Rad8 22. Ng5 g6 23. Rf4 Bf5 24. Rxf5 Ng4 25. Qc3 f6 26. Qc4+ Rd5 27. Rxd5
Nxe3 28. fxe3 Qxe3+ 29. Kh1 cxd5 30. Qxd5+ Kg7 31. Ne6+ 1-0

[Event "Southend Easter op 64th"]
[Site "Southend-on-Sea"]
[Date "2022.04.15"]
[Round "2.27"]
[White "Williamson, Kevin J"]
[Black "Badacsonyi, Stanley"]
[Result "1/2-1/2"]
[WhiteElo "1878"]
[BlackElo "1476"]
[PlyCount "54"]
[EventDate "2022.04.15"]
[EventType "swiss"]
[EventRounds "7"]
[EventCountry "ENG"]

1. d4 Nf6 2. Nc3 d5 3. Bg5 e6 4. Nf3 Be7 5. Bxf6 Bxf6 6. e4 c6 7. e5 Be7 8. Bd3
a6 9. a4 c5 10. dxc5 Bxc5 11. O-O Nc6 12. Qe2 Qc7 13. Nb1 g5 14. Nxg5 Qxe5 15.
Qxe5 Nxe5 16. Be2 b6 17. Nd2 Bb7 18. Ngf3 Bd6 19. c3 Ke7 20. Nxe5 Bxe5 21. Rfe1
Bd6 22. a5 b5 23. Rad1 Rac8 24. Bf3 Rhd8 25. g3 Ba8 26. Be2 Bb7 27. Bf3 Ba8
1/2-1/2

[Event "Southend Easter op 64th"]
[Site "Southend-on-Sea"]
[Date "2022.04.15"]
[Round "2.28"]
[White "Ingham, H William"]
[Black "Bryant, Harry"]
[Result "0-1"]
[WhiteElo "1871"]
[BlackElo "1425"]
[PlyCount "250"]
[EventDate "2022.04.15"]
[EventType "swiss"]
[EventRounds "7"]
[EventCountry "ENG"]

1. d4 Nf6 2. Bf4 g6 3. e3 Bg7 4. Nf3 O-O 5. Be2 d6 6. O-O c5 7. c3 b6 8. Nbd2
Bb7 9. h3 Nbd7 10. Qa4 a6 11. Bh2 b5 12. Qd1 Qb6 13. b4 Nd5 14. Qb3 c4 15. Qc2
e6 16. Rfd1 N5f6 17. e4 d5 18. e5 Ne8 19. Nf1 Nc7 20. Ne3 a5 21. a3 axb4 22.
axb4 Rxa1 23. Rxa1 Ra8 24. Rxa8+ Nxa8 25. Bf4 Qa7 26. Qd2 Qa1+ 27. Kh2 Nab6 28.
Bd1 Na4 29. Bxa4 Qxa4 30. Qc2 Qxc2 31. Nxc2 Nb6 32. Na3 Ba6 33. Kg1 Na4 34. Nb1
Nb2 35. Ne1 h5 36. Kf1 Kh7 37. Bc1 Na4 38. h4 Bh6 39. Bg5 Bb7 40. Ke2 Bf8 41.
Kd2 Bh6 42. Na3 Bc6 43. Nac2 Be8 44. Ne3 Bc6 45. Nd1 Be8 46. Ke3 Bf8 47. Kf4
Bh6 48. Nf3 Bf8 49. Nh2 Bh6 50. Nf1 Bf8 51. f3 Bh6 52. g4 Bg7 53. Ng3 hxg4 54.
fxg4 Bh6 55. Nf1 Nb6 56. Nfe3 Bc6 57. Nf2 Na4 58. Ned1 Nb6 59. Nh3 Bd7 60. Bxh6
Kxh6 61. Nhf2 Bc6 62. Nh1 Nd7 63. Ng3 Bb7 64. g5+ Kh7 65. Nf1 Nb6 66. Nfe3 Bc6
67. Ng4 Kg7 68. Nf6 Na4 69. Kg4 Nb6 70. Kf4 Na4 71. Kg4 Nb6 72. Nb2 Na4 73. Nd1
Nb6 74. Kf3 Na4 75. Ke3 Nb6 76. Kd2 Nc8 77. Ne3 Ne7 78. Nfg4 Be8 79. Nh6 Bd7
80. Neg4 Be8 81. Nf6 Kf8 82. Nxe8 Kxe8 83. Ke3 Kf8 84. Kd2 Kg7 85. Ke2 Kf8 86.
Kf3 Nc8 87. Ng4 Nb6 88. Ne3 Na4 89. Nd1 Kg7 90. Ke3 Kh7 91. Kd2 Nb6 92. Ne3 Nc8
93. Nc2 Kg7 94. Na3 Na7 95. Ke3 Kh7 96. Kf3 Kg7 97. Kg4 Kh7 98. Nc2 Nc8 99. Ne3
Nb6 100. Kf3 Na4 101. Nd1 Kg7 102. Ke3 Nb6 103. Nf2 Nd7 104. Ng4 Kh7 105. Nf6+
Nxf6 106. exf6 Kg8 107. Kf4 Kf8 108. Ke5 Ke8 109. Kd6 Kf8 110. Kc6 Ke8 111.
Kxb5 Kd7 112. Kc5 Kc7 113. b5 Kb7 114. Kd6 Kb6 115. Ke7 e5 116. Kxf7 e4 117.
Kxg6 e3 118. f7 e2 119. f8=Q e1=Q 120. Qc5+ Ka5 121. Qxd5 Qxc3 122. h5 Qd3+
123. Qf5 Qxd4 124. h6 c3 125. h7 Qd6+ 0-1

[Event "Southend Easter op 64th"]
[Site "Southend-on-Sea"]
[Date "2022.04.15"]
[Round "2.29"]
[White "Rebonato Scott, Sebastiano"]
[Black "Verma, Shlok"]
[Result "0-1"]
[WhiteElo "1518"]
[BlackElo "1831"]
[PlyCount "118"]
[EventDate "2022.04.15"]
[EventType "swiss"]
[EventRounds "7"]
[EventCountry "ENG"]

1. e4 e6 2. d4 d5 3. Nd2 c5 4. Ngf3 cxd4 5. Nxd4 Nc6 6. Bb5 Bd7 7. Nxc6 bxc6 8.
Bd3 Bd6 9. Qe2 Qc7 10. Nf3 Ne7 11. e5 Bc5 12. O-O Ng6 13. h4 Rb8 14. c3 Qd8 15.
g3 Be7 16. h5 Nf8 17. c4 Bc8 18. Rd1 Nd7 19. Nd4 Qb6 20. cxd5 cxd5 21. Bb5 Bc5
22. Bxd7+ Bxd7 23. Nb3 Ba4 24. Nxc5 Bxd1 25. Qxd1 Qxc5 26. Qa4+ Qb5 27. Qxa7
O-O 28. h6 Qe2 29. Qd4 Rfc8 30. Bd2 Rc4 31. Qa7 Rbc8 32. Qe3 Qxe3 33. Bxe3 d4
34. b3 Rb4 35. a3 Rxb3 36. Bxd4 gxh6 37. Be3 Rcb8 38. Kg2 Rb1 39. Rxb1 Rxb1 40.
Bc5 Rb3 41. Kf1 Kg7 42. Ke2 Kg6 43. f3 Kf5 44. Bd6 h5 45. Kf2 Rb2+ 46. Kf1 h4
47. gxh4 Kf4 48. Bb4 Kxf3 49. Ke1 Ke4 50. Kd1 Kd5 51. Ke1 Rh2 52. Bd6 Rxh4 53.
Kf2 Rg4 54. Kf3 Rg8 55. Kf4 h5 56. Bb4 Rg4+ 57. Kf3 Kxe5 58. Bc3+ Kd5 59. Bb4
Rxb4 0-1

[Event "Southend Easter op 64th"]
[Site "Southend-on-Sea"]
[Date "2022.04.15"]
[Round "2.30"]
[White "Kesterson, Kennan"]
[Black "Ball, Katie C"]
[Result "1-0"]
[WhiteElo "1829"]
[BlackElo "1307"]
[PlyCount "135"]
[EventDate "2022.04.15"]
[EventType "swiss"]
[EventRounds "7"]
[EventCountry "ENG"]

1. e4 d5 2. exd5 Nf6 3. d4 Bg4 4. Bb5+ Nbd7 5. Nf3 a6 6. Be2 Nb6 7. O-O Qxd5 8.
h3 Bh5 9. Bf4 O-O-O 10. Nc3 Qd7 11. Ne5 Qf5 12. Bxh5 Nxh5 13. Bh2 Nf4 14. Qg4
Qxg4 15. hxg4 Rxd4 16. Nxf7 Rg8 17. Rad1 Ne6 18. Rfe1 Rxd1 19. Rxd1 g6 20. Rd3
Bg7 21. Ne5 Rd8 22. Rxd8+ Kxd8 23. Ne4 Nd5 24. c3 Nf6 25. Nd2 Nc5 26. Ndf3 Nfd7
27. Nf7+ Kc8 28. Nd4 c6 29. Ng5 Nf6 30. Nde6 Nxe6 31. Nxe6 Bh8 32. Be5 Kd7 33.
Nc5+ Kc8 34. f4 g5 35. fxg5 Ne4 36. Nxe4 Bxe5 37. Nc5 Bf4 38. Ne6 Bc1 39. b3
Kd7 40. Nc5+ Kc7 41. Kf2 Bb2 42. Kf3 Bxc3 43. Ke4 Bd2 44. Kf5 b6 45. Ne6+ Kd6
46. Ng7 h6 47. g6 Bc3 48. Ne6 Kd5 49. g7 Bxg7 50. Nxg7 e5 51. Kg6 e4 52. Nf5
Ke5 53. Kxh6 Kf4 54. Kh5 c5 55. g3+ Ke5 56. Ne3 Kd4 57. Nd1 b5 58. g5 c4 59.
bxc4 bxc4 60. g6 c3 61. Nxc3 Kxc3 62. g7 e3 63. g8=Q e2 64. Qg5 Kc2 65. Qe3 Kd1
66. Qd3+ Ke1 67. Qxa6 Kf1 68. Qxe2+ 1-0

[Event "Southend Easter op 64th"]
[Site "Southend-on-Sea"]
[Date "2022.04.15"]
[Round "2.31"]
[White "Latypova, Olga L"]
[Black "Pandit, Kabir"]
[Result "1/2-1/2"]
[WhiteElo "1451"]
[BlackElo "1826"]
[PlyCount "105"]
[EventDate "2022.04.15"]
[EventType "swiss"]
[EventRounds "7"]
[EventCountry "ENG"]

1. e4 e5 2. Nf3 Nf6 3. Nxe5 d6 4. Nf3 Nxe4 5. Nc3 Nf6 6. d4 Be7 7. Bd3 a6 8. h3
b5 9. O-O Bb7 10. Re1 O-O 11. Qe2 Re8 12. Ne4 Nbd7 13. Bd2 Nxe4 14. Bxe4 Bf6
15. Qd3 Bxe4 16. Rxe4 Rxe4 17. Qxe4 c5 18. c3 Nb6 19. Be3 d5 20. Qc2 c4 21. Re1
h6 22. Bf4 Nd7 23. Qf5 Nf8 24. Be5 Be7 25. Bg3 Bf6 26. Ne5 g6 27. Qf3 Rc8 28.
Ng4 Bg7 29. Ne3 Ne6 30. Qxd5 Qb6 31. Qf3 Nxd4 32. cxd4 Qxd4 33. Nd5 Rf8 34. Nc3
Qd2 35. Qe2 Qxe2 36. Rxe2 Rd8 37. Be5 Bxe5 38. Rxe5 b4 39. Nd5 a5 40. Kf1 Kf8
41. Ke2 Rd6 42. Ne3 c3 43. bxc3 bxc3 44. Rd5 Rb6 45. Nc4 Rb1 46. Ne3 Rb2+ 47.
Kd3 Rxa2 48. Kxc3 Rxf2 49. Rxa5 f5 50. Ra8+ Kf7 51. Ra7+ Kf8 52. Ra8+ Kf7 53.
Ra7+ 1/2-1/2

[Event "Southend Easter op 64th"]
[Site "Southend-on-Sea"]
[Date "2022.04.15"]
[Round "2.32"]
[White "Volovich, Julia"]
[Black "Catabay, Mae Katelyn Rose"]
[Result "0-1"]
[WhiteElo "1802"]
[BlackElo "1265"]
[PlyCount "66"]
[EventDate "2022.04.15"]
[EventType "swiss"]
[EventRounds "7"]
[EventCountry "ENG"]

1. d4 Nf6 2. c4 g6 3. Nc3 Bg7 4. e4 d6 5. Nf3 Nbd7 6. Be2 O-O 7. O-O Re8 8. Be3
e5 9. d5 h6 10. Qc2 g5 11. b4 Nf8 12. c5 Ng6 13. a4 Nf4 14. Rfc1 Ng4 15. Bd2 f5
16. Bxf4 exf4 17. Bb5 Rf8 18. Rab1 Bxc3 19. Qxc3 fxe4 20. Nd4 Qf6 21. c6 b6 22.
Be2 Ne5 23. Ra1 f3 24. gxf3 exf3 25. Bf1 Qf4 26. Qe3 Qg4+ 27. Kh1 Qh4 28. Ra3
Ng4 29. Nxf3 Rxf3 30. Qe8+ Rf8 31. Qg6+ Kh8 32. h3 Nxf2+ 33. Kg1 Bxh3 0-1

[Event "Southend Easter op 64th"]
[Site "Southend-on-Sea"]
[Date "2022.04.15"]
[Round "2.33"]
[White "Ball, Charlie"]
[Black "Lim, Mark"]
[Result "1/2-1/2"]
[WhiteElo "1272"]
[BlackElo "1796"]
[PlyCount "85"]
[EventDate "2022.04.15"]
[EventType "swiss"]
[EventRounds "7"]
[EventCountry "ENG"]

1. e4 e6 2. d3 c5 3. Be3 Nc6 4. Nf3 Nf6 5. Nbd2 Be7 6. g3 O-O 7. Bg2 d5 8. exd5
exd5 9. O-O Bg4 10. h3 Bh5 11. Re1 d4 12. Bg5 h6 13. Bxf6 Bxf6 14. Ne4 Be7 15.
Qc1 Qd7 16. Ned2 Rae8 17. Ne5 Nxe5 18. Rxe5 Bg6 19. Nc4 f6 20. Re2 Bd8 21. Rxe8
Rxe8 22. Qd2 b6 23. Re1 Bc7 24. Re2 b5 25. Rxe8+ Qxe8 26. Na5 Kh7 27. Nb3 Qe7
28. Qd1 Bb6 29. Nd2 Qe6 30. b3 f5 31. h4 Qe8 32. Kf1 Bh5 33. Bf3 Bf7 34. Bg2
Bc7 35. Qf3 f4 36. gxf4 Bh5 37. Qe4+ Qxe4 38. Bxe4+ Kg8 39. Bc6 b4 40. Ke1 Kf7
41. Ne4 Bb6 42. Bd5+ Ke7 43. Ng3 1/2-1/2

[Event "Southend Easter op 64th"]
[Site "Southend-on-Sea"]
[Date "2022.04.15"]
[Round "2.34"]
[White "Barton, Tom A"]
[Black "Ghose, Rahul"]
[Result "1/2-1/2"]
[WhiteElo "1779"]
[BlackElo "1840"]
[PlyCount "65"]
[EventDate "2022.04.15"]
[EventType "swiss"]
[EventRounds "7"]
[EventCountry "ENG"]

1. e4 c5 2. Nf3 e6 3. d4 cxd4 4. Nxd4 Nf6 5. Nc3 Bb4 6. Bd3 d5 7. e5 Nfd7 8. f4
a6 9. O-O Nc5 10. Qg4 g6 11. Nce2 Nxd3 12. cxd3 Nc6 13. Nf3 f5 14. Qg3 Bd7 15.
a3 Be7 16. Be3 Kf7 17. Qf2 Rc8 18. Bb6 Qg8 19. Rac1 h6 20. Rfe1 g5 21. Nfd4 h5
22. Ng3 Nxd4 23. Bxd4 gxf4 24. Ne2 Qg4 25. h3 Qh4 26. Nxf4 Qxf2+ 27. Kxf2 Bg5
28. Be3 h4 29. Rxc8 Rxc8 30. Rc1 Rxc1 31. Bxc1 Bb5 32. d4 Bc4 33. Be3 1/2-1/2

[Event "Southend Easter op 64th"]
[Site "Southend-on-Sea"]
[Date "2022.04.15"]
[Round "2.35"]
[White "Tapp, James"]
[Black "Steiners, Emils"]
[Result "1-0"]
[WhiteElo "1882"]
[BlackElo "1731"]
[PlyCount "83"]
[EventDate "2022.04.15"]
[EventType "swiss"]
[EventRounds "7"]
[EventCountry "ENG"]

1. d4 d5 2. Nc3 Nf6 3. Bf4 c6 4. e3 e6 5. Bd3 Bd6 6. Qf3 Bxf4 7. Qxf4 Nbd7 8.
g4 O-O 9. h4 Qe7 10. Nf3 b5 11. h5 Bb7 12. g5 Ne8 13. Qh4 f5 14. gxf6 Nexf6 15.
O-O-O a5 16. Rdg1 a4 17. Ne5 h6 18. Ng6 Qf7 19. Nxf8 Nxf8 20. f4 b4 21. Nd1 b3
22. a3 bxc2 23. Bxc2 Ra5 24. Nf2 c5 25. Ng4 Nxg4 26. Rxg4 cxd4 27. Rhg1 Bc6 28.
Rxg7+ Qxg7 29. Rxg7+ Kxg7 30. Qe7+ Kg8 31. Bh7+ Nxh7 32. Qd8+ Kg7 33. Qxa5 Be8
34. Qa7+ Kg8 35. Qxd4 Bxh5 36. Qxa4 Bg6 37. b4 h5 38. b5 Be4 39. b6 d4 40. Qxd4
Bb7 41. Qd7 Ba6 42. b7 1-0

[Event "Southend Easter op 64th"]
[Site "Southend-on-Sea"]
[Date "2022.04.15"]
[Round "2.36"]
[White "Mehrafarin, Amirabbas"]
[Black "Pereslavtsev, Alexandr"]
[Result "1-0"]
[WhiteElo "1716"]
[BlackElo "1675"]
[PlyCount "49"]
[EventDate "2022.04.15"]
[EventType "swiss"]
[EventRounds "7"]
[EventCountry "ENG"]

1. d4 d5 2. Bg5 Nf6 3. Bxf6 exf6 4. e3 Bd6 5. c4 Be6 6. Nc3 dxc4 7. d5 Bd7 8.
Bxc4 O-O 9. h4 Re8 10. Nh3 f5 11. Ng5 Qf6 12. Qh5 Qg6 13. Qxg6 hxg6 14. O-O-O
a5 15. h5 gxh5 16. Rxh5 Na6 17. Rdh1 Kf8 18. Rh8+ Ke7 19. R8h7 Kf8 20. Nf3 Nc5
21. Nd4 Rad8 22. g3 Be5 23. d6 Bxd6 24. Rh8+ Ke7 25. Nd5# 1-0

[Event "Southend Easter op 64th"]
[Site "Southend-on-Sea"]
[Date "2022.04.16"]
[Round "3.1"]
[White "Jones, Steven A"]
[Black "Nilsson, Joakim 2000"]
[Result "0-1"]
[WhiteElo "2246"]
[BlackElo "2175"]
[PlyCount "58"]
[EventDate "2022.04.15"]
[EventType "swiss"]
[EventRounds "7"]
[EventCountry "ENG"]

1. e4 c5 2. Nf3 e6 3. d4 cxd4 4. Nxd4 Nc6 5. Nc3 Qc7 6. Be3 a6 7. Qf3 Bd6 8.
O-O-O Be5 9. Kb1 b5 10. Nxc6 Qxc6 11. Bd4 Bxd4 12. Rxd4 Ne7 13. Qg3 O-O 14. Be2
f5 15. Qg5 Qb6 16. Rhd1 Ng6 17. h4 Ne5 18. f4 Nf7 19. Qg3 fxe4 20. Nxe4 d5 21.
Ng5 Nd6 22. Qf3 Ra7 23. g4 Nc4 24. Bxc4 bxc4 25. c3 h6 26. Nh3 e5 27. Qxd5+ Be6
28. Qxe5 Bxg4 29. Rg1 Bxh3 0-1